Cristiano Ronaldo - Coéquipiers - Statistiques

Statistiques générales
  • Ce quiz a été pris 378 fois
  • Le résultat moyen est 32 sur 500
Statistiques - réponses
Équipes Noms des joueurs % Correct
Karim Benzema
69%
Pepe
63%
Sergio Ramos
57%
Marcelo
50%
Luka Modric
48%
Raphael Varane
46%
Nani
44%
Gareth Bale
40%
Bruno Fernandes
37%
Wayne Rooney
37%
Casemiro
36%
Toni Kroos
36%
Real Madrid CF Iker Casillas
34%
Keylor Navas
34%
Paul Pogba
30%
Rui Patricio
30%
Ricardo
29%
Harry Maguire
28%
Marcus Rashford
28%
David De Gea
27%
Gianluigi Buffon
27%
Rio Ferdinand
27%
Isco
26%
Luis Figo
26%
Paulo Dybala
26%
Danny
25%
Fabio
25%
Gonzalo Higuain
25%
Angel Di Maria
24%
Alex
23%
Fred
23%
Mesut Ozil
23%
Danilo
22%
Diogo
22%
Eder
22%
Marco Asensio
22%
Patrice Evra
22%
Deco
21%
Bernardo Silva
20%
Fabio Coentrao
20%
Jadon Sancho
20%
Joao Cancelo
20%
Leonardo Bonucci
20%
Ruben
20%
Anthony Martial
19%
Giorgio Chiellini
19%
Joao Felix
19%
Kaka
19%
Rafael
19%
Alvaro Morata
18%
James Rodriguez
18%
Luke Shaw
18%
Paul Scholes
18%
Ricardo Quaresma
18%
Alex Sandro
17%
Edwin Van Der Sar
17%
Nacho Fernandez
17%
Nemanja Vidic
17%
Xabi Alonso
17%
Aaron Wan Bissaka
16%
Diogo Dalot
16%
Edinson Cavani
16%
Ricardo Carvalho
16%
Ryan Giggs
16%
Sami Khedira
16%
Scott McTominay
16%
Adrien Rabiot
15%
Alex Telles
15%
Blaise Matuidi
15%
Carlos Tevez
15%
Joao Moutinho
15%
Renato Sanches
15%
Ruben Dias
15%
Victor Lindelof
15%
Achraf Hakimi
14%
Daniel Carvajal
14%
Lucas Vazquez
14%
Miralem Pjanic
14%
Raphael Guerreiro
14%
Federico Chiesa
13%
José Fonte
13%
Lassana Diarra
13%
Anthony Lopes
12%
Diogo Jota
12%
Eric Bailly
12%
Kiko Casilla
12%
William Carvalho
12%
Anderson
11%
Danilo Pereira
11%
Juan Cuadrado
11%
Mason Greenwood
11%
Nemanja Matic
11%
Phil Jones
11%
Alvaro Arbeloa
10%
Diego Lopez
10%
Gary Neville
10%
Jesé Rodriguez
10%
Rui Costa
10%
Theo Hernandez
10%
Dimitar Berbatov
9%
Donny Van De Beek
9%
Gérard Piqué
9%
Jesse Lingard
9%
Juan Mata
9%
Mariano Diaz
9%
Mario Mandzukic
9%
Michael Carrick
9%
Sporting Portugal Nelson
9%
Ruben Neves
9%
André Silva
8%
Manchester United ( 2nd Passage ) Dean Henderson
8%
Guti
8%
Raul Albiol
8%
Rodrigo
8%
Ruud Van Nistelrooy
8%
Douglas Costa
7%
Emmanuel Adebayor
7%
Federico Bernardeschi
7%
Luca Zidane
7%
Maniche
7%
Mateo Kovacic
7%
Matthijs De Ligt
7%
Aaron Ramsey
6%
André Gomes
6%
Arthur Melo
6%
Bruno Alves
6%
Darren Fletcher
6%
Gonçalo Guedes
6%
Javier Hernandez
6%
Jesus Vallejo
6%
Ji Sung Park
6%
Marcos Llorente
6%
Martin Odegaard
6%
Miguel
6%
Nelson Semedo
6%
Rafael Leao
6%
Raul Gonzalez
6%
Raul Meireles
6%
Rodrigo Bentancur
6%
Roy Keane
6%
Tom Heaton
6%
Beto
5%
Daniele Rugani
5%
Dejan Kulusevski
5%
Fabinho
5%
Helder Postiga
5%
Hugo
5%
John O'Shea
5%
Louis Saha
5%
Mattia De Sciglio
5%
Mattia Perin
5%
Michael Essien
5%
Moise Kean
5%
Nuno Gomes
5%
Pedro Miguel Pauleta
5%
Phil Neville
5%
Rafa Silva
5%
Simao
5%
Amad Diallo
4%
Andrea Barzagli
4%
Asier Illaramendi
4%
Cedric Soares
4%
Costinha
4%
Enzo Zidane
4%
Gabriel Heinze
4%
Merih Demiral
4%
Nuri Sahin
4%
Ole Gunnar Solskjaer
4%
Weston McKennie
4%
Adrien Silva
3%
Borja Mayoral
3%
David Bellion
3%
Diego Forlan
3%
Diego Llorente
3%
Eduardo
3%
Emre Can
3%
Esteban Granero
3%
Ezequiel Garay
3%
Fernando Gago
3%
Henrik Larsson
3%
Hugo Almeida
3%
José Sá
3%
Lee Grant
3%
Mahamadou Diarra
3%
Medhi Benatia
3%
Mikael Silvestre
3%
Paulo Ferreira
3%
Rafael Van Der Vaart
3%
Royston Drenthe
3%
Sergio Oliveira
3%
Wes Brown
3%
Alan Smith
2%
André Almeida
2%
André André
2%
Antonio Adan
2%
Ben Foster
2%
Bosingwa
2%
Chris Eagles
2%
Danny Welbeck
2%
Eliseu
2%
Federico Macheda
2%
Fernando Couto
2%
Francisco Trincao
2%
Gelson Martins
2%
Hamit Altintop
2%
Hamza Rafia
2%
Jerzy Dudek
2%
Joao Pereira
2%
Juanfran
2%
Kléberson
2%
Leonardo Spinazzola
2%
Liedson
2%
Lucas Silva
2%
Luis Neto
2%
Mario Rui
2%
Marko Pjaca
2%
Miguel Veloso
2%
Nicky Butt
2%
Nuno Valente
2%
Owen Hargreaves
2%
Pablo Sarabia
2%
Pedro Leon
2%
Petit
2%
Pizzi
2%
Quim
2%
Ricardo Perreira
2%
Rony Lopes
2%
Ruben Semedo
2%
Sergio Canales
2%
Tiago Mendes
2%
Tim Howard
2%
Wesley
2%
Adam Eckersley
1%
Alessandro Di Pardo
1%
Alex Fernandez
1%
Alvaro Medran
1%
Alvaro Tejero
1%
Ariza Makukula
1%
Ben Amos
1%
Manchester United ( 1er passage ) Ben Williams
1%
Bruma
1%
Carlo Pinsoglio
1%
Carlos Martins
1%
Cesar Prates
1%
Christoph Metzelder
1%
Corry Evans
1%
Craig Cathcart
1%
Custodio
1%
Daniel Carriço
1%
Danny Pugh
1%
Danny Simpson
1%
David Gray
1%
David Jones
1%
David Mateos
1%
Denis Cheryshev
1%
Duda
1%
Eric Djemba Djemba
1%
Fabio Contrao
1%
Felix Correia
1%
Fernando Meira
1%
Fernando Pacheco
1%
Ferro
1%
Fraizer Campbell
1%
Gedson Fernandes
1%
Giuseppe Rossi
1%
Hugo Viana
1%
Jardel
1%
Jesus Fernandez
1%
Joao Paulo
1%
Joao Pinto
1%
Jonny Evans
1%
Joselu
1%
Juankar
1%
Kieran Lee
1%
Kieran Richardson
1%
Lee Martin
1%
Liam Miller
1%
Luke Steel
1%
Manuel Fernandes
1%
Marcos Alonso
1%
Martin Caceres
1%
Matheus Pereira
1%
Miguel Lopes
1%
Nelson Oliveira
1%
Nuno Santos
1%
Orlando Sá
1%
Paulo Bento
1%
Pedro Mendes
1%
Phil Bardsley
1%
Quinton Fortune
1%
Raul Ruiz
1%
Ricardo Costa
1%
Ricardo Horta
1%
Ritchie De Laet
1%
Ritchie Jones
1%
Rodrigo Possebon
1%
Rolando
1%
Roy Carroll
1%
Ruben Amorim
1%
Rui Jorge
1%
Ryan Shawcross
1%
Sam Hewson
1%
Silvestre Varela
1%
Sylvan Ebanks-Blake
1%
Tomasz Kuszczak
1%
Valdir
1%
Vierinha
1%
Zoran Tosic
1%
Abner
0%
Alberto Cerri
0%
Alejandro Marques
0%
Alex Graninx
0%
Alhassane Soumah
0%
Andrea Favilli
0%
André Castro
0%
André Martins
0%
André Pinto
0%
André Santos
0%
Beto Severo
0%
Bruno Vale
0%
Burgui
0%
César Peixoto
0%
Colin Heath
0%
Cosino Marco Da Graca
0%
Cristo Gonzalez
0%
Daniel Fernandes
0%
Daniel Nardiello
0%
Daniel Podence
0%
Danny Drinkwater
0%
Daouda Peeters
0%
Darren Gibson
0%
Davide Cais
0%
Davide De Marino
0%
Derik Osede
0%
Eddie Johnson
0%
Edgar Ié
0%
Edinho
0%
Eero Markkanen
0%
Emil Audero
0%
Eric Lanini
0%
Fabio Paim
0%
Facundo Quiroga
0%
Fangzhuo Dong
0%
Febian Brandy
0%
Fillipo Ranocchia
0%
Floribert Ngalula
0%
Francesco Pezziardi
0%
Franchu
0%
Franco Israel
0%
Fran Rodriguez
0%
Frechaut
0%
Giacomo Vrioni
0%
Gianluca Frabotta
0%
Giorgio Siani
0%
Giovanni Garofani
0%
Gonçalo Brandao
0%
Grigoris Kastanos
0%
Guillermo Varela
0%
Hans Nicollussi Caviglia
0%
Helder Barbosa
0%
Henrique Hilario
0%
Henrique Sereno
0%
Hugo Ventura
0%
Ivan Cavaleiro
0%
Ivo Pinto
0%
Jaime Sanchez
0%
Jaime Seoane
0%
Javi Acuña
0%
Javi Munoz
0%
Javi Nablejas
0%
Joao Alves
0%
Joao Tomas
0%
Jonathan Spector
0%
Jones Chester
0%
Jorge Andrade
0%
Jorge Casado
0%
Jorge Ribeiro
0%
José Carlos Lazo
0%
Jose Moreira
0%
José Rodriguez
0%
Josué
0%
Kwang-Song Han
0%
Laurentiu Branescu
0%
Leonardo Manauso
0%
Lica
0%
Lourenço
0%
Luca Clemenza
0%
Luca Coccolo
0%
Luca Marrone
0%
Lucas Torro
0%
Luca Zanimacchia
0%
Luis Boa Morte
0%
Luis Felipe
0%
Luis Loureiro
0%
Luismi Quezada
0%
Mads Timm
0%
Mandi
0%
Manolo Portanova
0%
Manu Hernando
0%
Marafona
0%
Marco Caneira
0%
Marco Olivieri
0%
Marcos Paulo
0%
Mario Del Fabro
0%
Marius Niculae
0%
Mark Lynch
0%
Marley Aké
0%
Mattia Del Favero
0%
Matty James
0%
Michael Barnes
0%
Moha Ramos
0%
Nanucho
0%
Neil Wood
0%
Nicola Mosti
0%
Nicolo Fagioli
0%
Nuno André Coelho
0%
Nuno Assis
0%
Nuno Espirito Santo
0%
Omar Mascarell
0%
Oscar Rodriguez
0%
Pablo Contreras
0%
Pablo Moreno
0%
Paito
0%
Paolo Gozzi
0%
Paulo Machado
0%
Paulo Oliveira
0%
Paulo Santos
0%
Paul Tierney
0%
Pedro Barbosa
0%
Pedro Musquera
0%
Pedro Tiba
0%
Phillip Lienhart
0%
Phil Marsh
0%
Pietro Beruatto
0%
Radu Dragusin
0%
Raul De Tomas
0%
Ricardo Capellini
0%
Ricardo Fereira
0%
Ricardo Fernandes
0%
Sélection Portugal Ricardo Nunes
0%
Ricardo Rocha
0%
Ricardo Sá Pinto
0%
Riccardo Orsolini
0%
Rodrigo Tello
0%
Rogerio
0%
Rogerio Matias
0%
Ron-Robert Zieler
0%
Ruben de la Red
0%
Ruben Micael
0%
Ruben Vezo
0%
Ruben Yanez
0%
Rui Bento
0%
Rui Fonte
0%
Sergio Aguza
0%
Sergio Conceicao
0%
Silas
0%
Silvio
0%
Simone Muratore
0%
Stefano Baltrane
0%
Stefano Padovan
0%
Stefano Pellizzari
0%
Stefano Sturaro
0%
Stephy Mavididi
0%
Tiago Ferreira
0%
Tiago Gomes
0%
Tiago Pinto
0%
Tomas Mejias
0%
Tom Cleverley
0%
Tonel
0%
Toñito
0%
Vitali Kutuzov
0%
Vitorino Antunes
0%
William José
0%
Juventus Turin Wojiech Szczesny
0%
Yannick Djalo
0%
Zé Antonio
0%
Zé Castro
0%
Aucun quiz correspondant
Distribution des résultats
% des personnes avec chaque résultat
Percentile par nombre de réponses
Votre historique - résultats
Vous n’avez pas pris ce quiz